[Event "Sapporo Hokkaido-ch"]
[Site "Sapporo"]
[Date "2024.03.24"]
[Round "5"]
[White "Takeuchi, Hiroshi"]
[Black "Shinoda, Taro"]
[Result "0-1"]
[WhiteElo "1388"]
[BlackElo "1911"]
[PlyCount "68"]
[EventDate "2024.03.23"]
[EventType "swiss"]
[EventRounds "5"]
[EventCountry "JPN"]
[SourceTitle "CB15_2024"]
[SourceDate "2024.04.10"]
[SourceVersion "1"]
[SourceVersionDate "2024.04.10"]
[SourceQuality "1"]

1. d4 Nf6 2. Bf4 e6 3. Nf3 c5 4. c3 b6 5. e3 Bb7 6. Nbd2 d6 7. Bd3 cxd4 8. cxd4 Be7 9. Rc1 Nbd7 10. h3 h6 11. 0-0 0-0 12. Qb3 Rc8 13. Bh2 Rxc1 14. Rxc1 Qa8 15. Qb4 Rd8 16. Rc7 Nd5 17. Qa3 Nxc7 18. Bxd6 Bxd6 19. Qxd6 Ne8 20. Qe7 Nef6 21. b3 Re8 22. Qd6 Qb8 23. Qb4 Nd5 24. Qb5 N7f6 25. Ne5 a6 26. Qa4 b5 27. Qa3 Qc7 28. Ndf3 Rc8 29. Kh2 Nb6 30. Qb4 Nbd7 31. g3 Nxe5 32. Nxe5 Qc1 33. g4 Qh1+ 34. Kg3 Qg2+ 0-1

[Event "Sapporo Hokkaido-ch"]
[Site "Sapporo"]
[Date "2024.03.23"]
[Round "1"]
[White "Miyatani, Ryouhei"]
[Black "Shinoda, Taro"]
[Result "0-1"]
[WhiteElo "1313"]
[BlackElo "1911"]
[PlyCount "58"]
[EventDate "2024.03.23"]
[EventType "swiss"]
[EventRounds "5"]
[EventCountry "JPN"]
[SourceTitle "CB15_2024"]
[SourceDate "2024.04.10"]
[SourceVersion "1"]
[SourceVersionDate "2024.04.10"]
[SourceQuality "1"]

1. e4 c5 2. Nf3 d6 3. d4 cxd4 4. Nxd4 Nf6 5. Nc3 a6 6. Rg1 e5 7. Nb3 Be6 8. g4 d5 9. exd5 Nxd5 10. Nxd5 Qxd5 11. Qxd5 Bxd5 12. Be3 Nc6 13. 0-0-0 Bf3 14. Re1 0-0-0 15. Bb6 Rd7 16. Bd3 g6 17. Be4 Bxe4 18. Rxe4 Be7 19. Nd2 Bg5 20. Be3 Bxe3 21. Rxe3 Rd4 22. c3 Rf4 23. f3 h5 24. h3 hxg4 25. hxg4 Rh3 26. Rge1 f6 27. Re4 Rxe4 28. Rxe4 Rg3 29. Kc2 Nd8 0-1

[Event "Tokyo Japan op"]
[Site "Tokyo"]
[Date "2021.11.22"]
[Round "6"]
[White "Okabe, Yuma"]
[Black "Shinoda, Taro"]
[Result "0-1"]
[WhiteElo "1454"]
[BlackElo "2002"]
[PlyCount "128"]
[EventDate "2021.11.20"]
[EventType "swiss"]
[EventRounds "7"]
[EventCountry "JPN"]
[SourceTitle "CBM 205 Extra"]
[Source "ChessBase"]
[SourceDate "2022.01.31"]
[SourceVersion "1"]
[SourceVersionDate "2022.01.31"]
[SourceQuality "1"]

1. e4 c5 2. Nc3 d6 3. f4 g6 4. Nf3 Bg7 5. Bc4 Nc6 6. 0-0 e6 7. d4 Nxd4 8. Be3 Nf6 9. Bxd4 cxd4 10. Nxd4 0-0 11. Bb3 a6 12. a4 e5 13. Nde2 Ng4 14. Nd5 Be6 15. Nec3 exf4 16. Qf3 Bd4+ 17. Kh1 Nxh2 18. Qxf4 Be5 19. Nf6+ Kg7 20. Qh4 h5 21. Rf4 Ng4 22. Bxe6 Bxf4 23. Bxg4 Qxf6 24. Qxf6+ Kxf6 25. Bh3 Be5 26. Nd5+ Kg7 27. Rb1 b5 28. a5 Ra7 29. Kg1 Rb8 30. Nb4 Rba8 31. c3 Rc7 32. Rd1 Rc4 33. g4 hxg4 34. Bxg4 Ra7 35. Bf3 g5 36. Kg2 g4 37. Bxg4 Rxe4 38. Bf3 Rh4 39. Nd3 Ra4 40. Nb4 Rd7 41. Bc6 Rc7 42. Bd5 Rxa5 43. Bb3 f5 44. Nd5 Rb7 45. Nb4 Rc7 46. Nd5 Rc4 47. Bxc4 bxc4 48. Ne3 Ra2 49. Nxf5+ Kf6 50. Nxd6 Rxb2+ 51. Kf3 Bxc3 52. Ne4+ Ke5 53. Nxc3 Rb3 54. Ra1 Kd4 55. Rxa6 Kxc3 56. Ke2 Kc2 57. Ra2+ Rb2 58. Ra3 c3 59. Ke3 Rb8 60. Kd4 Rd8+ 61. Kc4 Rc8+ 62. Kb4 Kd2 63. Ra2+ c2 64. Kb3 Kd1 0-1

[Event "Tokyo Japan op"]
[Site "Tokyo"]
[Date "2021.11.22"]
[Round "5"]
[White "Shinoda, Taro"]
[Black "Tanaka, Satoshi"]
[Result "1-0"]
[WhiteElo "2002"]
[BlackElo "1346"]
[PlyCount "125"]
[EventDate "2021.11.20"]
[EventType "swiss"]
[EventRounds "7"]
[EventCountry "JPN"]
[SourceTitle "CBM 205 Extra"]
[Source "ChessBase"]
[SourceDate "2022.01.31"]
[SourceVersion "1"]
[SourceVersionDate "2022.01.31"]
[SourceQuality "1"]

1. d4 d5 2. c4 c6 3. Nf3 dxc4 4. a4 e6 5. e3 b5 6. b3 Bb4+ 7. Bd2 Bxd2+ 8. Qxd2 cxb3 9. axb5 Bd7 10. Qb4 Qb6 11. Ne5 Ne7 12. Nc4 Qc7 13. b6 axb6 14. Rxa8 Nd5 15. Qxb3 b5 16. Ne5 Nb6 17. Ra1 f6 18. Nxd7 Kxd7 19. Nc3 Ke7 20. Be2 N8d7 21. 0-0 f5 22. Rfc1 Qd6 23. Na2 Nd5 24. Rab1 Rb8 25. Nb4 Nxb4 26. Qxb4 Qxb4 27. Rxb4 Kd6 28. Bf3 Rb6 29. Rb2 e5 30. dxe5+ Nxe5 31. Rd2+ Kc7 32. Be2 b4 33. f4 Nd7 34. Bd3 g6 35. e4 fxe4 36. Bxe4 c5 37. Rxd7+ Kxd7 38. Rxc5 b3 39. Rc1 Rb4 40. Bd5 b2 41. Rb1 Kd6 42. Bg8 h6 43. g3 Kc5 44. Bh7 g5 45. f5 Kd4 46. f6 Kc3 47. Rf1 Rb8 48. f7 Rf8 49. Rf2 Kb3 50. Bb1 g4 51. Kf1 Kc3 52. Ke2 Kd4 53. Kd2 h5 54. Rf4+ Ke5 55. Kc2 Ke6 56. Kxb2 Ke7 57. Bc2 Rb8+ 58. Bb3 Kf8 59. Rf5 Rd8 60. Rxh5 Rd2+ 61. Ka3 Rf2 62. Rh8+ Kg7 63. Rg8+ 1-0

[Event "Tokyo Japan op"]
[Site "Tokyo"]
[Date "2021.11.21"]
[Round "3"]
[White "Shinoda, Taro"]
[Black "Aoshima, Mirai"]
[Result "0-1"]
[WhiteElo "2002"]
[BlackElo "2342"]
[PlyCount "106"]
[EventDate "2021.11.20"]
[EventType "swiss"]
[EventRounds "7"]
[EventCountry "JPN"]
[SourceTitle "CBM 205 Extra"]
[Source "ChessBase"]
[SourceDate "2022.01.31"]
[SourceVersion "1"]
[SourceVersionDate "2022.01.31"]
[SourceQuality "1"]

1. d4 Nf6 2. c4 e6 3. g3 d5 4. Nf3 Bb4+ 5. Bd2 Be7 6. Bg2 0-0 7. 0-0 c6 8. Qb3 b6 9. cxd5 cxd5 10. Rc1 Bb7 11. Ne5 Nfd7 12. Nd3 Nc6 13. e3 Nf6 14. a4 Rb8 15. Na3 Qd7 16. Rc2 Ba6 17. Nb5 Ne4 18. Be1 Nd6 19. Nxd6 Bxd6 20. Bf1 Bc4 21. Qc3 Rfc8 22. b3 Ba6 23. Nc5 bxc5 24. Bxa6 Rc7 25. Bb5 Qc8 26. Qd3 cxd4 27. Rac1 Ba3 28. Ba5 Bxc1 29. Bxc7 Nb4 30. Bxb8 Nxc2 31. Bxa7 dxe3 32. Bxe3 Bxe3 33. fxe3 Qc5 34. Kf2 e5 35. Qd2 e4 36. Bc4 Nb4 37. Bb5 h6 38. g4 Nc2 39. Bc4 dxc4 40. Qxc2 c3 41. Ke2 g6 42. h3 f5 43. gxf5 gxf5 44. Qc1 Kf7 45. Qc2 Kf6 46. h4 Kg6 47. Qc1 Kh5 48. Kf2 c2 49. Ke2 Qc3 50. a5 Qd3+ 51. Ke1 f4 52. exf4 e3 53. a6 e2 0-1

[Event "Tokyo-ch"]
[Site "Tokyo"]
[Date "2021.03.21"]
[Round "5"]
[White "Tang, Tang"]
[Black "Shinoda, Taro"]
[Result "1-0"]
[WhiteElo "2086"]
[BlackElo "2002"]
[PlyCount "79"]
[EventDate "2021.03.20"]
[EventType "swiss"]
[EventRounds "6"]
[EventCountry "JPN"]
[SourceTitle "EXT 2022"]
[Source "ChessBase"]
[SourceDate "2021.10.06"]
[SourceVersion "1"]
[SourceVersionDate "2021.10.06"]
[SourceQuality "1"]

1. d4 Nf6 2. Bf4 d5 3. e3 c5 4. Nc3 Nc6 5. Nf3 Bg4 6. Be2 e6 7. 0-0 Be7 8. h3 Bh5 9. a3 0-0 10. Ne5 Bxe2 11. Qxe2 cxd4 12. Nxc6 bxc6 13. exd4 Qb6 14. Qd3 Rfc8 15. Na4 Qb5 16. b3 Qxd3 17. cxd3 Nd7 18. Rfc1 Bf6 19. Ra2 Bxd4 20. Rac2 e5 21. Be3 Bxe3 22. fxe3 c5 23. Nxc5 Nf6 24. b4 g6 25. b5 Rcb8 26. Na6 Rb6 27. a4 Rb7 28. Rc7 Rxc7 29. Rxc7 e4 30. d4 Ne8 31. Rd7 Nf6 32. Rd6 Kg7 33. Nb4 Rc8 34. Nc6 Rc7 35. a5 h5 36. b6 axb6 37. axb6 Rb7 38. Na5 Rb8 39. b7 Ne8 40. Rc6 1-0

[Event "Cappelle op 32nd"]
[Site "Cappelle la Grande"]
[Date "2016.02.15"]
[Round "3"]
[White "Shinoda, Taro"]
[Black "Sgircea, Silvia Raluca"]
[Result "0-1"]
[WhiteElo "1941"]
[BlackElo "2276"]
[PlyCount "144"]
[EventDate "2016.02.13"]
[EventType "swiss"]
[EventRounds "9"]
[EventCountry "FRA"]
[SourceTitle "EXT 2017"]
[Source "ChessBase"]
[SourceDate "2016.10.25"]
[SourceVersion "1"]
[SourceVersionDate "2016.10.25"]
[SourceQuality "1"]

1. d4 d5 2. c4 dxc4 3. e3 Nf6 4. Bxc4 e6 5. Nf3 c5 6. 0-0 a6 7. Bb3 Be7 8. dxc5 Qxd1 9. Rxd1 Bxc5 10. Nc3 0-0 11. Bd2 Nc6 12. Rac1 Ba7 13. Na4 e5 14. Nc5 Bxc5 15. Rxc5 Ne4 16. Rcc1 Be6 17. Bxe6 fxe6 18. Be1 Rad8 19. Kf1 Rd5 20. Ke2 Rfd8 21. Nd2 Nd6 22. Nb3 Kf7 23. Nc5 Rc8 24. f3 Ne7 25. Nb3 Nc4 26. Bc3 Rxd1 27. Rxd1 Nd5 28. e4 Nxc3+ 29. bxc3 Ke7 30. Rb1 Na3 31. Rc1 b5 32. Kd3 Nc4 33. Ke2 Nb6 34. Kd3 Na4 35. Rc2 Kd6 36. Nd2 Kc6 37. a3 a5 38. c4 b4 39. axb4 axb4 40. Nb3 Nc5+ 41. Nxc5 Kxc5 42. Ra2 Rd8+ 43. Kc2 Kxc4 44. Ra7 b3+ 45. Kc1 b2+ 46. Kxb2 Rd2+ 47. Ka3 Rxg2 48. Re7 Kd4 49. h4 Rg3 50. Kb2 h6 51. Rf7 Ke3 52. Kc2 Rxf3 53. Rxg7 Rf4 54. Rg3+ Kxe4 55. Rh3 Kf5 56. Kd2 Kg4 57. Rh1 Kh5 58. Re1 e4 59. Ke3 Rxh4 60. Rf1 Kg6 61. Rf8 Rg4 62. Re8 Kf5 63. Rh8 Rg6 64. Rh7 Ke5 65. Ra7 Rg3+ 66. Kf2 Rf3+ 67. Ke2 Rh3 68. Ra5+ Kf4 69. Ra6 Rh2+ 70. Kf1 Kf3 71. Kg1 Rg2+ 72. Kh1 Rg6 0-1

[Event "World University-ch 12th"]
[Site "Guimaraes"]
[Date "2012.08.20"]
[Round "2"]
[White "Shinoda, Taro"]
[Black "Goiriz, Yahari Damian"]
[Result "1-0"]
[WhiteElo "1918"]
[BlackElo "2125"]
[PlyCount "87"]
[EventDate "2012.08.20"]
[EventType "swiss"]
[EventRounds "9"]
[EventCountry "POR"]
[SourceTitle "CBM 150 Extra"]
[Source "ChessBase"]
[SourceDate "2012.10.19"]
[SourceVersion "1"]
[SourceVersionDate "2012.10.19"]
[SourceQuality "1"]

1. d4 Nf6 2. c4 e6 3. g3 Be7 4. Bg2 d5 5. Nf3 0-0 6. 0-0 b6 7. cxd5 exd5 8. Nc3 Bb7 9. Bf4 c5 10. Rc1 Nbd7 11. Nb5 Ne4 12. Nd2 f5 13. Nxe4 fxe4 14. Nc7 Nf6 15. Nxa8 Bxa8 16. Qa4 cxd4 17. Qxd4 Bc5 18. Qa4 Qe7 19. b4 g5 20. Bxg5 Bxb4 21. Bxf6 Rxf6 22. Rc8+ Rf8 23. Rxf8+ Kxf8 24. Rc1 Bc5 25. e3 a5 26. Bh3 h6 27. Rd1 Qd6 28. Qd7 Qxd7 29. Bxd7 Ke7 30. Bb5 Kd6 31. h3 Bb7 32. Kh2 Bc6 33. Bxc6 Kxc6 34. g4 b5 35. Kg3 Bd6+ 36. Kh4 b4 37. Kh5 Bf8 38. Kg6 Kd6 39. h4 Ke5 40. h5 a4 41. g5 hxg5 42. h6 Be7 43. h7 Bf6 44. Rxd5+ 1-0

[Event "Kuala Lumpur op 8th"]
[Site "Kuala Lumpur"]
[Date "2011.08.23"]
[Round "8"]
[White "Zhai, Mo"]
[Black "Shinoda, Taro"]
[Result "1/2-1/2"]
[WhiteElo "2198"]
[BlackElo "1897"]
[PlyCount "124"]
[EventDate "2011.08.18"]
[EventType "swiss"]
[EventRounds "9"]
[EventCountry "MAS"]
[SourceTitle "CBM 144 Extra"]
[Source "ChessBase"]
[SourceDate "2011.10.28"]
[SourceVersion "1"]
[SourceVersionDate "2011.10.28"]
[SourceQuality "1"]

1. e4 e5 2. Nf3 Nc6 3. Bb5 a6 4. Ba4 Nf6 5. 0-0 Be7 6. Re1 b5 7. Bb3 d6 8. c3 0-0 9. h3 Nb8 10. d4 Nbd7 11. Nbd2 Bb7 12. Bc2 Re8 13. a4 Bf8 14. Bd3 c6 15. b3 g6 16. Qc2 Nh5 17. Bf1 Nf4 18. g3 Ne6 19. Bb2 Bg7 20. h4 Qb6 21. Bh3 exd4 22. cxd4 Ndf8 23. Qd3 c5 24. axb5 axb5 25. Bf1 Rxa1 26. Rxa1 Nxd4 27. Nxd4 cxd4 28. Qxb5 Qxb5 29. Bxb5 Rb8 30. Bc4 Nd7 31. Ra5 Ra8 32. Rxa8+ Bxa8 33. f3 Nb6 34. Kf2 d5 35. exd5 Nxd5 36. Ba3 Ne3 37. Bc5 Bh6 38. f4 Bg7 39. b4 Bc6 40. Kg1 Bd5 41. Bxd5 Nxd5 42. b5 Nc7 43. b6 Na6 44. b7 d3 45. Kf2 Bf8 46. Ba7 Bd6 47. Ke3 Kf8 48. Kxd3 Ke7 49. Kc4 Kd7 50. Kb5 Nb8 51. Nc4 Bc7 52. Ne5+ Ke6 53. Nc6 Nd7 54. b8Q Nxb8 55. Nxb8 Kf5 56. Na6 Bxf4 57. gxf4 Kxf4 58. Nb4 Kg3 59. Kc4 Kxh4 60. Kd5 Kg4 61. Nd3 f5 62. Ne5+ Kg3 1/2-1/2

[Event "Kuala Lumpur op 8th"]
[Site "Kuala Lumpur"]
[Date "2011.08.22"]
[Round "6"]
[White "Ikeda, Junta"]
[Black "Shinoda, Taro"]
[Result "1-0"]
[WhiteElo "2349"]
[BlackElo "1897"]
[PlyCount "59"]
[EventDate "2011.08.18"]
[EventType "swiss"]
[EventRounds "9"]
[EventCountry "MAS"]
[SourceTitle "CBM 144 Extra"]
[Source "ChessBase"]
[SourceDate "2011.10.28"]
[SourceVersion "1"]
[SourceVersionDate "2011.10.28"]
[SourceQuality "1"]

1. e4 e5 2. Nf3 Nc6 3. Bb5 a6 4. Ba4 Nf6 5. 0-0 Be7 6. Re1 b5 7. Bb3 d6 8. c3 0-0 9. h3 Nb8 10. d3 Bb7 11. Nbd2 Nbd7 12. Nf1 c5 13. Bc2 Re8 14. a4 Bf8 15. g4 g6 16. Ng3 Re7 17. Nh2 Bg7 18. f4 exf4 19. Bxf4 Ne5 20. d4 Nc6 21. axb5 axb5 22. Rxa8 Bxa8 23. dxc5 dxc5 24. Qxd8+ Nxd8 25. Bd6 Rd7 26. Bxc5 Rd2 27. Rc1 Bh6 28. Nf3 Rd7 29. g5 Ne6 30. Be3 1-0